[Event "26th 4NCL Congress"]
[Site "Woodland Grange, Leamington Spa"]
[Date "2021.09.11"]
[Round "3"]
[Board "12"]
[White "Varney, Zoe"]
[Black "Paterson, Andrew I"]
[Result "0-1"]
[WhiteElo "1998"]
[BlackElo "2148"]
[PlyCount "0"]
[EventDate "2021.09.10"]
[EventRounds "5"]
[EventCountry "ENG"]

1. e4 {[%clk 01:30:57]} {[%emt 00:00:02]} c5 {[%clk 01:30:54]} {[%emt
00:00:06]} 2. Nf3 {[%clk 01:31:24]} {[%emt 00:00:04]} Nc6 {[%clk 01:31:10]}
{[%emt 00:00:14]} 3. c3 {[%clk 01:31:49]} {[%emt 00:00:06]} d5 {[%clk
01:30:57]} {[%emt 00:00:41]} 4. exd5 {[%clk 01:32:12]} {[%emt 00:00:07]} Qxd5
{[%clk 01:31:20]} {[%emt 00:00:07]} 5. d4 {[%clk 01:32:37]} {[%emt 00:00:06]}
Nf6 {[%clk 01:31:07]} {[%emt 00:00:42]} 6. Be2 {[%clk 01:32:54]} {[%emt
00:00:13]} e6 {[%clk 01:31:24]} {[%emt 00:00:12]} 7. O-O {[%clk 01:32:49]}
{[%emt 00:00:36]} Be7 {[%clk 01:31:46]} {[%emt 00:00:07]} 8. Be3 {[%clk
01:31:29]} {[%emt 00:01:51]} cxd4 {[%clk 01:24:56]} {[%emt 00:07:19]} 9. cxd4
{[%clk 01:24:22]} {[%emt 00:07:38]} O-O {[%clk 01:25:09]} {[%emt 00:00:17]} 10.
Nc3 {[%clk 01:24:46]} {[%emt 00:00:07]} Qd8 {[%clk 01:25:29]} {[%emt 00:00:09]}
11. Rc1 {[%clk 01:24:23]} {[%emt 00:00:53]} Nb4 {[%clk 01:22:35]} {[%emt
00:10:53]} 12. a3 {[%clk 01:18:18]} Nbd5 {[%clk 01:22:56]} 13. Bd3 {[%clk
01:18:38]} Bd7 {[%clk 01:21:56]} {[%emt 00:00:54]} 14. Bb1 {[%clk 01:17:47]}
{[%emt 00:01:22]} Nxc3 {[%clk 01:19:13]} {[%emt 00:03:12]} 15. Rxc3 {[%clk
01:17:05]} {[%emt 00:01:14]} Bc6 {[%clk 01:15:20]} {[%emt 00:04:22]} 16. Bg5
{[%clk 01:04:59]} {[%emt 00:12:36]} Nd5 {[%clk 01:13:36]} {[%emt 00:02:13]} 17.
Bxe7 {[%clk 01:01:00]} {[%emt 00:04:29]} Qxe7 {[%clk 01:09:24]} {[%emt
00:04:40]} 18. Rc5 {[%clk 00:53:04]} {[%emt 00:08:28]} Rfd8 {[%clk 00:59:52]}
{[%emt 00:10:02]} 19. Ne5 {[%clk 00:46:54]} {[%emt 00:06:40]} Be8 {[%clk
00:59:44]} {[%emt 00:00:38]} 20. Re1 {[%clk 00:30:48]} {[%emt 00:16:36]} f6
{[%clk 00:46:16]} {[%emt 00:13:57]} 21. Qd3 {[%clk 00:20:10]} {[%emt 00:11:09]}
g6 {[%clk 00:46:00]} {[%emt 00:00:45]} 22. Ng4 {[%clk 00:18:21]} {[%emt
00:02:20]} b6 {[%clk 00:32:25]} {[%emt 00:14:04]} 23. Rxd5 {[%clk 00:10:07]}
{[%emt 00:08:45]} Rxd5 {[%clk 00:32:36]} {[%emt 00:00:18]} 24. Qf3 {[%clk
00:10:15]} {[%emt 00:00:23]} Rdd8 {[%clk 00:18:55]} {[%emt 00:14:11]} 25. Ba2
{[%clk 00:05:13]} {[%emt 00:05:32]} Qg7 {[%clk 00:14:18]} {[%emt 00:05:06]} 26.
Rxe6 {[%clk 00:03:57]} {[%emt 00:01:47]} Kh8 {[%clk 00:11:21]} {[%emt
00:03:27]} 27. Rxf6 {[%clk 00:03:28]} {[%emt 00:00:59]} Bb5 {[%clk 00:04:13]}
{[%emt 00:07:38]} 28. Ne5 {[%clk 00:03:10]} {[%emt 00:00:49]} Rac8 {[%clk
00:03:56]} {[%emt 00:00:47]} 29. h3 {[%clk 00:02:41]} {[%emt 00:00:58]} Be2
{[%clk 00:03:11]} {[%emt 00:01:15]} 30. Qf4 {[%clk 00:02:19]} {[%emt 00:00:53]}
g5 {[%clk 00:03:27]} {[%emt 00:00:14]} 31. Qf5 {[%clk 00:02:18]} {[%emt
00:00:31]} Bh5 {[%clk 00:03:38]} {[%emt 00:00:19]} 32. Nf7+ {[%clk 00:01:54]}
{[%emt 00:00:54]} Bxf7 {[%clk 00:04:02]} {[%emt 00:00:07]} 33. Rxf7 {[%clk
00:02:15]} {[%emt 00:00:09]} Rf8 {[%clk 00:03:26]} {[%emt 00:01:06]} 34. Rxg7
{[%clk 00:00:49]} {[%emt 00:01:57]} Rxf5 {[%clk 00:03:48]} {[%emt 00:00:07]} 35.
Rxa7 {[%clk 00:01:16]} {[%emt 00:00:03]} Rc1+ {[%clk 00:04:01]} {[%emt
00:00:16]} 36. Kh2 {[%clk 00:01:40]} {[%emt 00:00:06]} Rxf2 {[%clk 00:04:21]}
{[%emt 00:00:10]} 37. Ra8+ {[%clk 00:00:54]} {[%emt 00:01:17]} Kg7 {[%clk
00:04:44]} {[%emt 00:00:07]} 38. Ra7+ {[%clk 00:00:59]} {[%emt 00:00:25]} Kg6
{[%clk 00:04:08]} {[%emt 00:01:05]} 39. Bg8 {[%clk 00:01:18]} {[%emt 00:00:11]}
h5 {[%clk 00:02:32]} {[%emt 00:02:05]} 40. b4 {[%clk 00:00:39]} {[%emt
00:01:10]} h4 {[%clk 00:02:10]} {[%emt 00:00:51]} 41. Bh7+ {[%clk 00:00:53]}
{[%emt 00:00:16]} Kf6 {[%clk 00:02:09]} {[%emt 00:00:31]} 42. Rb7 {[%clk
00:00:36]} {[%emt 00:00:48]} Rff1 {[%clk 00:01:32]} {[%emt 00:01:06]} 43. Rxb6+
{[%clk 00:01:02]} {[%emt 00:00:05]} Ke7 {[%clk 00:01:43]} {[%emt 00:00:18]} 44.
Rb7+ {[%clk 00:00:59]} {[%emt 00:00:34]} Kd6 {[%clk 00:02:03]} {[%emt
00:00:10]} 45. g3 {[%clk 00:00:40]} {[%emt 00:00:49]} Rf2# {[%clk 00:01:46]}
{[%emt 00:00:12]}  0-1

[Event "26th 4NCL Congress"]
[Site "Woodland Grange, Leamington Spa"]
[Date "2021.09.11"]
[Round "3"]
[Board "13"]
[White "Han, Yichen"]
[Black "Southcott-Moyers, Indy"]
[Result "1/2-1/2"]
[WhiteElo "2402"]
[BlackElo "1668"]
[PlyCount "0"]
[EventDate "2021.09.10"]
[EventRounds "5"]
[EventCountry "ENG"]

1. Nf3 {[%clk 01:30:57]} {[%emt 00:00:02]} d5 {[%clk 01:28:47]} {[%emt
00:02:14]} 2. d4 {[%clk 01:31:06]} {[%emt 00:00:21]} Nf6 {[%clk 01:28:40]}
{[%emt 00:00:36]} 3. c4 {[%clk 01:31:30]} {[%emt 00:00:07]} e6 {[%clk
01:28:17]} {[%emt 00:00:54]} 4. Nc3 {[%clk 01:31:41]} {[%emt 00:00:18]} Nbd7
{[%clk 01:27:42]} {[%emt 00:01:05]} 5. cxd5 {[%clk 01:30:35]} {[%emt 00:01:36]}
exd5 {[%clk 01:27:25]} {[%emt 00:00:47]} 6. Bf4 {[%clk 01:29:39]} {[%emt
00:01:26]} c6 {[%clk 01:24:29]} {[%emt 00:03:26]} 7. e3 {[%clk 01:28:49]}
{[%emt 00:01:19]} Be7 {[%clk 01:23:33]} {[%emt 00:01:26]} 8. h3 {[%clk
01:25:06]} {[%emt 00:04:12]} Nf8 {[%clk 01:22:10]} {[%emt 00:01:53]} 9. Bd3
{[%clk 01:24:32]} {[%emt 00:01:04]} Ng6 {[%clk 01:19:02]} {[%emt 00:09:44]} 10.
Bg3 {[%clk 01:24:01]} O-O {[%clk 01:16:38]} 11. O-O {[%clk 01:20:57]} {[%emt
00:01:24]} Re8 {[%clk 01:15:54]} {[%emt 00:01:14]} 12. Qc2 {[%clk 01:19:18]}
{[%emt 00:02:09]} Bd6 {[%clk 01:10:51]} {[%emt 00:05:33]} 13. Bxd6 {[%clk
01:19:10]} {[%emt 00:00:38]} Qxd6 {[%clk 01:11:11]} {[%emt 00:00:10]} 14. Rab1
{[%clk 01:19:09]} {[%emt 00:00:32]} Bd7 {[%clk 01:03:15]} {[%emt 00:08:26]} 15.
b4 {[%clk 01:18:49]} {[%emt 00:00:50]} b5 {[%clk 01:02:48]} {[%emt 00:00:57]}
16. a4 {[%clk 01:13:12]} {[%emt 00:06:08]} a6 {[%clk 01:02:49]} {[%emt
00:00:30]} 17. a5 {[%clk 01:10:23]} {[%emt 00:03:18]} Re7 {[%clk 01:00:27]}
{[%emt 00:02:52]} 18. Rfc1 {[%clk 01:06:49]} {[%emt 00:04:04]} Rae8 {[%clk
00:55:15]} {[%emt 00:05:41]} 19. Bf5 {[%clk 01:02:59]} {[%emt 00:04:19]} Bxf5
{[%clk 00:52:37]} {[%emt 00:03:09]} 20. Qxf5 {[%clk 01:03:24]} {[%emt
00:00:05]} Ne4 {[%clk 00:46:21]} {[%emt 00:06:46]} 21. Nxe4 {[%clk 00:57:51]}
{[%emt 00:06:02]} dxe4 {[%clk 00:42:48]} {[%emt 00:04:03]} 22. Nd2 {[%clk
00:57:52]} {[%emt 00:00:29]} Re6 {[%clk 00:42:02]} {[%emt 00:01:16]} 23. Qg4
{[%clk 00:35:16]} {[%emt 00:23:05]} Nf8 {[%clk 00:28:52]} {[%emt 00:13:40]} 24.
Nf1 {[%clk 00:30:21]} {[%emt 00:05:25]} Rg6 {[%clk 00:27:38]} {[%emt 00:01:44]}
25. Qh5 {[%clk 00:28:36]} {[%emt 00:02:14]} Nd7 {[%clk 00:24:28]} {[%emt
00:03:41]} 26. Ng3 {[%clk 00:26:16]} {[%emt 00:02:50]} h6 {[%clk 00:20:10]}
{[%emt 00:04:47]} 27. Qh4 {[%clk 00:22:56]} {[%emt 00:03:50]} Qe6 {[%clk
00:18:32]} {[%emt 00:02:09]} 28. Rb2 {[%clk 00:20:50]} {[%emt 00:02:36]} Qd5
{[%clk 00:15:39]} {[%emt 00:03:22]} 29. Qf4 {[%clk 00:17:55]} {[%emt 00:03:27]}
Rd6 {[%clk 00:14:12]} {[%emt 00:01:39]} 30. Rbc2 {[%clk 00:16:32]} {[%emt
00:02:10]} Rf6 {[%clk 00:10:40]} {[%emt 00:04:02]} 31. Qc7 {[%clk 00:15:32]}
{[%emt 00:01:31]} Ree6 {[%clk 00:10:56]} {[%emt 00:00:14]} 32. Qc8+ {[%clk
00:11:26]} {[%emt 00:04:36]} Kh7 {[%clk 00:11:13]} {[%emt 00:00:12]} 33. Qxa6
{[%clk 00:10:41]} {[%emt 00:01:16]} Qb3 {[%clk 00:09:32]} {[%emt 00:02:12]} 34.
Qb7 {[%clk 00:08:25]} {[%emt 00:02:45]} Nf8 {[%clk 00:09:49]} {[%emt 00:00:13]}
35. a6 {[%clk 00:07:08]} {[%emt 00:01:47]} Qa4 {[%clk 00:06:40]} {[%emt
00:03:39]} 36. a7 {[%clk 00:07:04]} {[%emt 00:00:34]} Re8 {[%clk 00:07:08]}
{[%emt 00:00:02]} 37. Nxe4 {[%clk 00:05:24]} {[%emt 00:02:10]} Rfe6 {[%clk
00:07:12]} {[%emt 00:00:26]} 38. Ng3 {[%emt 00:02:22]}  1/2-1/2

[Event "26th 4NCL Congress"]
[Site "Woodland Grange, Leamington Spa"]
[Date "2021.09.11"]
[Round "3"]
[Board "14"]
[White "Ledger, Andrew J"]
[Black "Moyse, Nigel J"]
[Result "1-0"]
[WhiteElo "2373"]
[BlackElo "2067"]
[PlyCount "0"]
[EventDate "2021.09.10"]
[EventRounds "5"]
[EventCountry "ENG"]

1. d4 {[%emt 00:44:50]} d5 {[%emt 00:00:21]} 2. Bf4 {[%emt 00:00:15]} Nf6
{[%emt 00:00:59]} 3. e3 {[%emt 00:00:08]} c5 {[%emt 00:00:37]} 4. c3 {[%emt
00:00:31]} Nc6 {[%emt 00:00:46]} 5. Nd2 {[%emt 00:00:17]} Qb6 {[%emt 00:00:33]}
6. Qb3 {[%emt 00:00:46]} c4 {[%emt 00:00:21]} 7. Qc2 {[%emt 00:00:06]} g6
{[%emt 00:00:15]} 8. e4 {[%emt 00:01:17]} Nxe4 {[%emt 00:01:38]} 9. Nxe4 {[%emt
00:00:16]} dxe4 {[%emt 00:00:17]} 10. Bxc4 {[%emt 00:00:58]} Bg7 {[%emt
00:04:36]} 11. O-O-O {[%emt 00:17:24]} Bf5 {[%emt 00:02:30]} 12. Be3 {[%emt
00:01:10]} Qc7 {[%emt 00:01:26]} 13. Bd5 {[%emt 00:04:33]} O-O {[%emt
00:01:14]} 14. Bxe4 {[%emt 00:00:49]} Bxe4 {[%emt 00:00:08]} 15. Qxe4 {[%emt
00:00:06]} b5 {[%emt 00:01:40]} 16. Kb1 {[%emt 00:01:47]} a5 {[%emt 00:07:19]}
17. d5 {[%emt 00:04:14]} Ne5 {[%emt 00:07:35]} 18. Bf4 {[%emt 00:00:52]} Qc4
{[%emt 00:01:06]} 19. Qxc4 {[%emt 00:01:12]} Nxc4 {[%emt 00:00:19]} 20. Bc1
{[%emt 00:01:38]} Rfd8 {[%emt 00:02:01]} 21. Ne2 {[%emt 00:03:57]} Nb6 {[%emt
00:02:22]} 22. Nf4 {[%emt 00:00:27]} Be5 {[%emt 00:04:11]} 23. Be3 {[%emt
00:01:40]} Na4 {[%emt 00:03:19]} 24. Ne2 {[%emt 00:03:41]} b4 {[%emt 00:04:38]}
25. Bd4 {[%emt 00:00:30]} Bxd4 {[%emt 00:00:18]} 26. Rxd4 {[%emt 00:00:11]}
Rab8 {[%emt 00:00:20]} 27. c4 {[%emt 00:07:36]} Nc5 {[%emt 00:00:29]} 28. Rdd1
{[%emt 00:00:20]} e5 {[%emt 00:03:09]} 29. dxe6 {[%emt 00:02:01]} Nxe6 {[%emt
00:00:11]} 30. Kc2 {[%emt 00:06:11]} Kf8 {[%emt 00:01:37]} 31. Rhe1 {[%emt
00:05:00]} Rbc8 {[%emt 00:02:10]} 32. b3 {[%emt 00:00:49]} a4 {[%emt 00:03:18]}
33. Rxd8+ {[%emt 00:01:53]} Rxd8 {[%emt 00:00:31]} 34. Rd1 {[%emt 00:00:53]}
axb3+ {[%emt 00:00:27]} 35. axb3 {[%emt 00:00:08]} Rxd1 {[%emt 00:00:16]} 36.
Kxd1 {[%emt 00:00:02]} Ke7 {[%emt 00:00:22]} 37. Nc1 {[%emt 00:02:04]} Nd4
{[%emt 00:00:40]} 38. Nd3 {[%emt 00:00:39]} Nxb3 {[%emt 00:00:14]} 39. Nxb4
{[%emt 00:00:06]} Kd6 {[%emt 00:00:25]} 40. Kc2 {[%emt 00:01:08]} Nc5 {[%emt
00:00:12]} 41. Nd3 {[%emt 00:00:52]} Ne6 {[%emt 00:01:39]} 42. Kc3 {[%emt
00:00:38]} f6 {[%emt 00:00:36]} 43. Kb4 {[%emt 00:00:30]} Kc6 {[%emt 00:00:13]}
44. c5 {[%emt 00:00:21]} Kd5 {[%emt 00:01:19]} 45. Kb5 {[%emt 00:07:27]} Kd4
{[%emt 00:01:36]} 46. Nb4 {[%emt 00:00:09]} Nxc5 {[%emt 00:00:31]} 47. Nc6+
{[%emt 00:00:06]} Kd5 {[%emt 00:00:19]} 48. Ne7 {[%emt 00:00:06]} Kd6 {[%emt
00:00:19]} 49. Nc8+ {[%emt 00:00:45]} Kd5 {[%emt 00:00:12]} 50. Ne7 {[%emt
00:00:07]} Kd6 {[%emt 00:00:07]} 51. Ng8 {[%emt 00:00:05]} Nd7 {[%emt
00:00:19]} 52. Kc4 {[%emt 00:00:09]} Ke6 {[%emt 00:00:30]} 53. Kd4 {[%emt
00:00:08]} h5 {[%emt 00:00:48]} 54. Nh6 {[%emt 00:00:31]} f5 {[%emt 00:00:38]}
55. h3 {[%emt 00:01:18]} Kf6 {[%emt 00:03:00]} 56. g4 {[%emt 00:00:10]} hxg4
{[%emt 00:01:53]} 57. hxg4 {[%emt 00:00:07]} Nf8 {[%emt 00:01:52]} 58. gxf5
{[%emt 00:05:43]} gxf5 {[%emt 00:00:15]} 59. Kd5 {[%emt 00:00:06]} Ng6 {[%emt
00:01:01]} 60. Kd6 {[%emt 00:01:42]} Nf8 {[%emt 00:01:22]} 61. Ng8 {[%emt
00:00:20]} Kf7 {[%emt 00:00:07]} 62. Ne7 {[%emt 00:00:16]} Kf6 {[%emt
00:00:19]} 63. Nd5 {[%emt 00:00:17]} Kg5 {[%emt 00:00:12]} 64. Ne7 {[%emt
00:07:31]} Nh7 {[%emt 00:00:40]} 65. Ke5 {[%emt 00:00:56]} Nf8 {[%emt
00:00:32]} 66. Nxf5 {[%emt 00:00:53]} Nd7+ {[%emt 00:00:09]} 67. Ke6 {[%emt
00:01:59]} Nc5+ {[%emt 00:00:08]}  1-0

[Event "26th 4NCL Congress"]
[Site "Woodland Grange, Leamington Spa"]
[Date "2021.09.11"]
[Round "3"]
[Board "15"]
[White "Gomez, Daniel"]
[Black "French, Max"]
[Result "0-1"]
[WhiteElo "2040"]
[BlackElo "2298"]
[PlyCount "0"]
[EventDate "2021.09.10"]
[EventRounds "5"]
[EventCountry "ENG"]

1. e4 {[%clk 01:30:57]} {[%emt 00:00:02]} c6 {[%clk 01:30:53]} {[%emt
00:00:07]} 2. Nc3 {[%clk 01:31:06]} {[%emt 00:00:20]} d5 {[%clk 01:31:14]}
{[%emt 00:00:10]} 3. Nf3 {[%clk 01:31:33]} {[%emt 00:00:04]} Bg4 {[%clk
01:31:24]} {[%emt 00:00:21]} 4. h3 {[%clk 01:31:42]} {[%emt 00:00:21]} Bxf3
{[%clk 01:31:45]} {[%emt 00:00:08]} 5. gxf3 {[%clk 01:31:03]} {[%emt 00:01:10]}
d4 {[%clk 01:32:02]} {[%emt 00:00:13]} 6. Ne2 {[%clk 01:31:26]} {[%emt
00:00:07]} e5 {[%clk 01:20:55]} {[%emt 00:11:38]} 7. f4 {[%clk 01:21:56]}
{[%emt 00:17:53]} f6 {[%clk 01:19:37]} 8. f5 {[%clk 01:20:49]} g6 {[%clk
01:15:09]} {[%emt 00:00:30]} 9. Ng3 {[%clk 01:19:37]} {[%emt 00:01:42]} Bh6
{[%clk 01:08:48]} {[%emt 00:06:51]} 10. Bc4 {[%clk 01:14:34]} {[%emt 00:05:33]}
Ne7 {[%clk 01:01:42]} {[%emt 00:07:36]} 11. a4 {[%clk 01:00:23]} {[%emt
00:14:41]} Qa5 {[%clk 00:56:55]} {[%emt 00:05:16]} 12. c3 {[%clk 00:52:57]}
{[%emt 00:07:57]} Nd7 {[%clk 00:43:04]} {[%emt 00:14:21]} 13. O-O {[%clk
00:48:40]} {[%emt 00:04:47]} O-O-O {[%clk 00:34:39]} {[%emt 00:08:55]} 14. b4
{[%clk 00:47:20]} {[%emt 00:01:51]} Qc7 {[%clk 00:34:47]} {[%emt 00:00:20]} 15.
cxd4 {[%clk 00:39:03]} {[%emt 00:08:48]} exd4 {[%clk 00:34:38]} {[%emt
00:00:39]} 16. Qb3 {[%clk 00:35:15]} {[%emt 00:04:19]} Kb8 {[%clk 00:24:46]}
{[%emt 00:10:22]} 17. d3 {[%clk 00:28:06]} {[%emt 00:07:39]} Bxc1 {[%clk
00:25:03]} {[%emt 00:00:13]} 18. Rfxc1 {[%clk 00:28:21]} {[%emt 00:00:14]} h5
{[%clk 00:18:52]} {[%emt 00:06:42]} 19. Be6 {[%clk 00:25:35]} {[%emt 00:03:16]}
Ne5 {[%clk 00:15:36]} {[%emt 00:03:46]} 20. Kg2 {[%clk 00:22:44]} {[%emt
00:03:20]} gxf5 {[%clk 00:12:23]} {[%emt 00:03:43]} 21. exf5 {[%clk 00:22:04]}
{[%emt 00:01:11]} Rh7 {[%clk 00:11:00]} {[%emt 00:01:53]} 22. Qd1 {[%clk
00:15:19]} {[%emt 00:07:14]} Rg7 {[%clk 00:08:51]} {[%emt 00:02:39]} 23. Kh1
{[%clk 00:14:44]} {[%emt 00:01:05]} Nd5 {[%clk 00:06:23]} {[%emt 00:02:59]} 24.
b5 {[%clk 00:12:41]} {[%emt 00:02:34]} Nf4 {[%clk 00:05:36]} {[%emt 00:01:17]}
25. Ne4 {[%clk 00:11:42]} {[%emt 00:01:29]} Nxh3 {[%clk 00:04:46]} {[%emt
00:01:19]} 26. Qxh5 {[%clk 00:10:58]} {[%emt 00:01:14]} Nf4 {[%clk 00:03:41]}
{[%emt 00:01:35]}  0-1

[Event "26th 4NCL Congress"]
[Site "Woodland Grange, Leamington Spa"]
[Date "2021.09.11"]
[Round "3"]
[Board "16"]
[White "Jackson, Edward"]
[Black "Kett, Timothy J"]
[Result "0-1"]
[WhiteElo "2023"]
[BlackElo "2264"]
[PlyCount "0"]
[EventDate "2021.09.10"]
[EventRounds "5"]
[EventCountry "ENG"]

1. e4 {[%clk 01:30:50]} {[%emt 00:00:08]} e5 {[%clk 01:30:52]} {[%emt
00:00:08]} 2. Nf3 {[%clk 01:30:53]} {[%emt 00:00:28]} Nc6 {[%clk 01:30:58]}
{[%emt 00:00:25]} 3. Bb5 {[%clk 01:31:01]} {[%emt 00:00:22]} a6 {[%clk
01:30:38]} {[%emt 00:00:48]} 4. Ba4 {[%clk 01:31:08]} {[%emt 00:00:23]} Nf6
{[%clk 01:29:38]} {[%emt 00:01:30]} 5. O-O {[%clk 01:31:07]} {[%emt 00:00:31]}
Be7 {[%clk 01:29:48]} {[%emt 00:00:20]} 6. Re1 {[%clk 01:30:02]} {[%emt
00:01:35]} b5 {[%clk 01:30:01]} {[%emt 00:00:18]} 7. Bb3 {[%clk 01:30:13]}
{[%emt 00:00:19]} d6 {[%clk 01:30:21]} {[%emt 00:00:10]} 8. c3 {[%clk
01:30:12]} {[%emt 00:00:31]} O-O {[%clk 01:28:20]} {[%emt 00:02:32]} 9. d4
{[%clk 01:24:43]} {[%emt 00:06:00]} Bg4 {[%clk 01:28:04]} {[%emt 00:00:45]} 10.
d5 {[%clk 01:17:50]} {[%emt 00:15:14]} Na5 {[%clk 01:25:08]} 11. Bc2 {[%clk
01:17:12]} c6 {[%clk 01:24:59]} 12. dxc6 {[%clk 01:16:07]} Qc7 {[%clk
01:23:06]} {[%emt 00:01:18]} 13. Nbd2 {[%clk 01:12:56]} {[%emt 00:03:41]} Qxc6
{[%clk 01:21:21]} {[%emt 00:02:16]} 14. Nf1 {[%clk 01:11:25]} {[%emt 00:02:01]}
Nc4 {[%clk 01:18:30]} {[%emt 00:03:21]} 15. Ne3 {[%clk 01:07:32]} {[%emt
00:04:23]} Nxe3 {[%clk 01:16:44]} {[%emt 00:02:16]} 16. Bxe3 {[%clk 01:03:47]}
{[%emt 00:04:15]} Nxe4 {[%clk 01:12:34]} {[%emt 00:04:40]} 17. Nxe5 {[%clk
01:01:53]} {[%emt 00:02:24]} dxe5 {[%clk 01:07:41]} {[%emt 00:05:21]} 18. Qxg4
{[%clk 01:02:06]} {[%emt 00:00:18]} f5 {[%clk 00:58:31]} {[%emt 00:09:40]} 19.
Bxe4 {[%clk 01:00:18]} {[%emt 00:02:18]} fxe4 {[%clk 00:58:46]} {[%emt
00:00:16]} 20. Rad1 {[%clk 00:57:40]} {[%emt 00:03:08]} Rad8 {[%clk 00:58:42]}
{[%emt 00:00:34]} 21. Rxd8 {[%clk 00:49:36]} {[%emt 00:08:35]} Rxd8 {[%clk
00:58:05]} {[%emt 00:01:06]} 22. Bg5 {[%clk 00:48:30]} {[%emt 00:01:36]} Qg6
{[%clk 00:56:28]} {[%emt 00:02:06]} 23. Bxe7 {[%clk 00:46:31]} {[%emt
00:02:30]} Qxg4 {[%clk 00:56:51]} {[%emt 00:00:07]} 24. Bxd8 {[%clk 00:46:51]}
{[%emt 00:00:10]} e3 {[%clk 00:47:08]} {[%emt 00:10:13]} 25. f3 {[%clk
00:41:41]} {[%emt 00:05:40]} Qd7 {[%clk 00:45:07]} {[%emt 00:02:31]} 26. Bb6
{[%clk 00:40:46]} {[%emt 00:01:25]} Qd2 {[%clk 00:45:25]} {[%emt 00:00:11]} 27.
Rxe3 {[%clk 00:41:09]} {[%emt 00:00:08]} Qxb2 {[%clk 00:45:44]} {[%emt
00:00:11]} 28. Bc5 {[%clk 00:37:07]} {[%emt 00:04:32]} Qxa2 {[%clk 00:45:34]}
{[%emt 00:00:40]} 29. f4 {[%clk 00:37:13]} {[%emt 00:00:25]} exf4 {[%clk
00:42:10]} {[%emt 00:03:53]} 30. Re8+ {[%clk 00:36:30]} {[%emt 00:01:13]} Kf7
{[%clk 00:42:35]} {[%emt 00:00:06]} 31. Re7+ {[%clk 00:36:24]} {[%emt
00:00:36]} Kf6 {[%clk 00:38:14]} {[%emt 00:04:51]} 32. Rd7 {[%clk 00:35:36]}
{[%emt 00:01:18]} Qe2 {[%clk 00:30:45]} {[%emt 00:07:57]} 33. h3 {[%clk
00:34:57]} {[%emt 00:01:11]} Qe1+ {[%clk 00:30:04]} {[%emt 00:01:10]} 34. Kh2
{[%clk 00:35:23]} {[%emt 00:00:02]} Qg3+ {[%clk 00:29:51]} {[%emt 00:00:45]} 35.
Kh1 {[%clk 00:35:29]} {[%emt 00:00:24]} f3 {[%clk 00:29:37]} {[%emt 00:00:45]}
36. Bd4+ {[%clk 00:35:36]} {[%emt 00:00:23]} Ke6 {[%clk 00:29:57]} {[%emt
00:00:09]} 37. Rxg7 {[%clk 00:35:58]} {[%emt 00:00:08]} Qxg7 {[%clk 00:30:09]}
{[%emt 00:00:18]}  0-1